| 000 | 00320nam a2200133 a 4500 | ||
|---|---|---|---|
| 001 | 4404 | ||
| 003 | CDMR | ||
| 005 | 20130116135255.0 | ||
| 008 | 130130s2010||||||||||||||||||||||||||||d | ||
| 040 |
_aCDMR _bcat _cCPC LLEIDA |
||
| 245 | 3 | _aEl tractament informatiu del 28 F | |
| 260 |
_aBarcelona _c2010 _bMedia.cat |
||
| 942 | _cMON | ||
| 999 |
_c4404 _d4404 |
||